Marginalidad urbana en Santo Domingo

Shranjeno v:
Bibliografske podrobnosti
Glavni avtor: Duarte, Isis
Format: Texto
Izdano: Santo Domingo :
Oznake: Označite
Brez oznak, prvi označite!

MARC

LEADER 00000 a a2200000 04500
001 15769
003
040 |a CRAI/IIS  |c CRAI/IIS 
090 |a 014800  
100 |a Duarte, Isis  
245 |a Marginalidad urbana en Santo Domingo  
260 |a Santo Domingo :  
300 |a 1; 40 p.  
999 |c 2734  |d 2734